| 000 | 00355nam a22001337a 4500 | ||
|---|---|---|---|
| 020 | _qPB. | ||
| 040 | _cFIZZA ISHAQ | ||
| 082 |
_a681.2 _bCAR |
||
| 100 |
_aMORAIS,DE CARLOS. _991227 |
||
| 245 |
_aAD HOC & SENSOR NETWORKS THEORY AND APPLICATIONS / _cCARLOS DE MORAIS. |
||
| 260 |
_aSCIENTIFIC PUBLISHING ; _c2006. |
||
| 300 | _a641 P. ; | ||
| 942 |
_2ddc _cBK |
||
| 999 |
_c589405 _d589405 |
||